[Event "6th Agzamov Memorial"]
[Site "Tashkent UZB"]
[Date "2012.03.11"]
[Round "6"]
[White "Mchedlishvili, M."]
[Black "Kvon, A."]
[Result "1-0"]
[WhiteElo "2626"]
[BlackElo "2493"]
[PlyCount "145"]
[EventDate "2012.03.06"]
[EventType "swiss"]
[EventRounds "9"]
[EventCountry "UZB"]
[Source "Mark Crowther"]
[SourceDate "2012.03.12"]

1. d4 Nf6 2. c4 e6 3. Nf3 c5 4. d5 b5 5. Bf4 b4 6. e4 d6 7. Bd3 e5 8. Bd2 a5 9.
a3 Ra6 10. O-O Be7 11. h3 O-O 12. Be3 Bd7 13. Nbd2 Rb6 14. axb4 axb4 15. Ne1
Ne8 16. f4 exf4 17. Bxf4 Bf6 18. Qc2 b3 19. Qb1 Bd4+ 20. Kh1 f6 21. Nef3 Be5
22. Be3 Na6 23. Ra3 Qb8 24. Be2 Bg3 25. Bd1 f5 26. Qa1 Qc8 27. Ng5 Nf6 28. Bxb3
Nb4 29. exf5 Bxf5 30. Bd1 Be5 31. Ndf3 Nh5 32. Kg1 Ng3 33. Re1 Nd3 34. Rxd3
Bxd3 35. Nxe5 dxe5 36. Ne6 Rf1+ 37. Rxf1 Nxf1 38. Bf2 Bxc4 39. Nxc5 Bxd5 40.
Kxf1 Qc6 41. Ke1 Bxg2 42. Qa2+ Bd5 43. b3 Bf7 44. Qe2 Rb8 45. Bc2 Kh8 46. Kd2
Qg2 47. h4 Rf8 48. Be4 Qh3 49. Qe3 Qf1 50. Be1 Qb5 51. Kc1 Bg6 52. Bxg6 hxg6
53. Kb2 Rc8 54. Ne4 Rb8 55. Bg3 Qd5 56. Nd2 Rd8 57. Nc4 e4 58. Be5 Kh7 59. Bc3
Qf5 60. Bd4 Qd5 61. Kc3 Rf8 62. Nd2 Re8 63. Kb2 Re7 64. Kc2 Qf5 65. Nc4 Qg4 66.
Qf2 Qh3 67. Be3 Qd7 68. Qd2 Qg4 69. Qf2 Qd7 70. Kb2 Rf7 71. Qd2 Qh3 72. Qd5 Qg4
73. Qxf7 1-0

[Event "6th Agzamov Memorial"]
[Site "Tashkent UZB"]
[Date "2012.03.11"]
[Round "6"]
[White "Muminova, N."]
[Black "Nodirjanova, N."]
[Result "1-0"]
[WhiteElo "2327"]
[BlackElo "2195"]
[PlyCount "109"]
[EventDate "2012.03.06"]
[EventType "swiss"]
[EventRounds "9"]
[EventCountry "UZB"]
[Source "Mark Crowther"]
[SourceDate "2012.03.12"]

1. e4 e6 2. d4 d5 3. Nd2 dxe4 4. Nxe4 Nd7 5. Bd3 Ngf6 6. Qe2 c5 7. Nxf6+ Nxf6
8. dxc5 Bxc5 9. Nf3 O-O 10. Bg5 Be7 11. O-O-O Qa5 12. Kb1 Qb6 13. h4 a5 14. c3
h6 15. Qc2 Rd8 16. Bxf6 Bxf6 17. g4 Be7 18. g5 h5 19. Ne5 Bd6 20. Nc4 Qc5 21.
g6 f6 22. Nxd6 Rxd6 23. Bb5 e5 24. Rxd6 Qxd6 25. Rd1 Qe7 26. Be2 Be6 27. Bxh5
Rd8 28. Rxd8+ Qxd8 29. Bf3 Qd7 30. Kc1 Kf8 31. Qd2 Qxd2+ 32. Kxd2 b6 33. a3 f5
34. b4 Ke7 35. Ke3 Kf6 36. h5 Kg5 37. bxa5 bxa5 38. Bd1 Bd5 39. Kd3 f4 40. c4
Bc6 41. c5 Bd5 42. Bg4 e4+ 43. Kd4 Kxg4 44. Kxd5 e3 45. fxe3 fxe3 46. h6 e2 47.
hxg7 e1=Q 48. g8=Q Qd1+ 49. Kc6 Qf3+ 50. Qd5 Qf6+ 51. Qd6 Qf3+ 52. Kc7 Kh5 53.
g7 Qf7+ 54. Qd7 Qg8 55. Qf5+ 1-0

[Event "6th Agzamov Memorial"]
[Site "Tashkent UZB"]
[Date "2012.03.11"]
[Round "6"]
[White "Potapov, P."]
[Black "Nakhbayeva, G."]
[Result "1/2-1/2"]
[WhiteElo "2473"]
[BlackElo "2276"]
[PlyCount "73"]
[EventDate "2012.03.06"]
[EventType "swiss"]
[EventRounds "9"]
[EventCountry "UZB"]
[Source "Mark Crowther"]
[SourceDate "2012.03.12"]

1. e4 e6 2. d4 d5 3. Nd2 Nf6 4. e5 Nfd7 5. Bd3 c5 6. c3 Nc6 7. Ngf3 a6 8. O-O
g5 9. dxc5 g4 10. Nd4 Ndxe5 11. N2b3 Nxd3 12. Qxd3 e5 13. Re1 Bg7 14. h3 Ne7
15. hxg4 exd4 16. Bg5 f6 17. Bf4 O-O 18. Bd6 Rf7 19. Qxd4 Nc6 20. Qxd5 Bxg4 21.
f3 Bd7 22. Rad1 f5 23. Nd4 Qg5 24. Ne6 Bxe6 25. Rxe6 Bf6 26. f4 Qh4 27. Rd3 Kh8
28. Rh3 Qg4 29. Ree3 Qg8 30. Reg3 Rg7 31. Rxg7 Qxg7 32. Qxf5 Re8 33. Kh2 Re2
34. Rg3 Qh6+ 35. Rh3 Qg7 36. Rg3 Qh6+ 37. Rh3 1/2-1/2

[Event "6th Agzamov Memorial"]
[Site "Tashkent UZB"]
[Date "2012.03.11"]
[Round "6"]
[White "Ulkhanov, A."]
[Black "Filippov, An UZB"]
[Result "0-1"]
[WhiteElo "2226"]
[BlackElo "2637"]
[PlyCount "123"]
[EventDate "2012.03.06"]
[EventType "swiss"]
[EventRounds "9"]
[EventCountry "UZB"]
[Source "Mark Crowther"]
[SourceDate "2012.03.12"]

1. e4 e5 2. Nf3 Nc6 3. Bb5 a6 4. Ba4 d6 5. O-O Nge7 6. c3 Bd7 7. d4 Ng6 8. Re1
Be7 9. Nbd2 h6 10. Nf1 Bg5 11. Bxc6 Bxc6 12. dxe5 Bxc1 13. Rxc1 dxe5 14. Qxd8+
Rxd8 15. g3 O-O 16. N3d2 Bd7 17. Ne3 Be6 18. Red1 f6 19. Nb3 b6 20. Rxd8 Rxd8
21. Rd1 Rc8 22. Nc1 a5 23. f3 Kf7 24. Kf2 Ne7 25. Rd2 g6 26. a3 Nc6 27. Rd1 Nb8
28. Rd2 Nd7 29. Nd3 Ke7 30. Ke1 c6 31. Rd1 Rf8 32. Rd2 b5 33. Rd1 Rb8 34. Rd2
Rc8 35. Rc2 Bb3 36. Rc1 Rd8 37. Ke2 Bc4 38. Nxc4 bxc4 39. Nf2 Nc5 40. Nd1 Rb8
41. Rc2 Nd3 42. Rd2 a4 43. Ke3 Ke6 44. Ke2 f5 45. Ke3 f4+ 46. Ke2 g5 47. Kf1 h5
48. Re2 g4 49. fxg4 hxg4 50. Kg1 Kf6 51. Kf1 Kg5 52. Kg1 Rb7 53. Kf1 Nc5 54.
Nf2 Rd7 55. Ke1 Rh7 56. gxf4+ exf4 57. e5 g3 58. hxg3 fxg3 59. Nd1 Nd3+ 60. Kd2
Nf4 61. Re3 Rh2+ 62. Kc1 0-1

[Event "6th Agzamov Memorial"]
[Site "Tashkent UZB"]
[Date "2012.03.12"]
[Round "7"]
[White "Vakhidov, J."]
[Black "Galyamov, V."]
[Result "1-0"]
[WhiteElo "2396"]
[BlackElo "2198"]
[PlyCount "117"]
[EventDate "2012.03.06"]
[EventType "swiss"]
[EventRounds "9"]
[EventCountry "UZB"]
[Source "Mark Crowther"]
[SourceDate "2012.03.26"]
[WhiteTeam "1. Novoborsky SK"]
[BlackTeam "1. Novoborsky SK"]

1. d4 e6 2. c4 d5 3. cxd5 exd5 4. Nc3 f5 5. e4 dxe4 6. Bc4 Nf6 7. Nh3 Nc6 8.
Ng5 Qxd4 9. Qb3 Ne5 10. Bf7+ Kd8 11. O-O Bd6 12. Nb5 Qb4 13. Bf4 Qxb3 14. Bxb3
Rf8 15. Bxe5 Bxe5 16. Nf7+ Rxf7 17. Bxf7 Ke7 18. Bb3 c6 19. Nc3 b6 20. Rad1 Be6
21. Rfe1 c5 22. f3 Bd4+ 23. Kh1 e3 24. Nb5 Rd8 25. Bxe6 Kxe6 26. Rxe3+ Bxe3 27.
Rxd8 c4 28. Na3 c3 29. bxc3 Bc5 30. Nb5 Nd5 31. Ra8 a5 32. Ra7 Ne7 33. Nc7+ Ke5
34. Na6 Bd6 35. Rb7 Nd5 36. c4 Ne3 37. Rxb6 Nxc4 38. Rb7 Kd5 39. Nb8 a4 40.
Rb5+ Kd4 41. Nd7 Kc3 42. Nb6 Nb2 43. Nd5+ Kc2 44. Ne3+ Kc1 45. Nxf5 Ba3 46. Ng3
Kb1 47. Ne4 Bf8 48. Rb8 Be7 49. Nc3+ Kc2 50. Rc8 Kd3 51. Nd5 Bd6 52. Nb6 Bb4
53. a3 Bc3 54. Ra8 Bd4 55. Nxa4 Nc4 56. h4 Ke2 57. Re8+ Kf2 58. Rd8 Ke3 59. g3
1-0

[Event "6th Agzamov Memorial"]
[Site "Tashkent UZB"]
[Date "2012.03.12"]
[Round "7"]
[White "Khusnutdinov, R."]
[Black "Kasyan, A."]
[Result "1-0"]
[WhiteElo "2500"]
[BlackElo "2336"]
[PlyCount "129"]
[EventDate "2012.03.06"]
[EventType "swiss"]
[EventRounds "9"]
[EventCountry "UZB"]
[Source "Mark Crowther"]
[SourceDate "2012.03.26"]
[WhiteTeam "1. Novoborsky SK B"]
[BlackTeam "1. Novoborsky SK B"]

1. d4 d6 2. e4 g6 3. g3 Bg7 4. Bg2 Nf6 5. Ne2 O-O 6. Nbc3 e5 7. h3 Nc6 8. Be3
exd4 9. Nxd4 Bd7 10. O-O Re8 11. Nde2 b5 12. a3 a5 13. g4 b4 14. axb4 axb4 15.
Rxa8 Qxa8 16. Nd5 Nxd5 17. exd5 Ne5 18. b3 c5 19. Ng3 Bb5 20. Re1 Nd7 21. Ne4
Qa6 22. g5 c4 23. Bd4 Bxd4 24. Qxd4 cxb3 25. cxb3 Qa3 26. Re3 Re5 27. Nxd6 Qc1+
28. Kh2 Rxe3 29. fxe3 Qc7 30. Qf4 Bd3 31. Qxf7+ Kh8 32. Qf4 Kg8 33. h4 Nc5 34.
h5 gxh5 35. Bf3 Bg6 36. Kh3 Nd3 37. Qf6 Qc1 38. Qd8+ Kg7 39. Qe7+ Kg8 40. Qe6+
Kg7 41. Bg2 Qe1 42. Kh2 Nf2 43. Qf6+ Kg8 44. Bf3 Qd2 45. Kg3 Nd3 46. Nc8 Qe1+
47. Kg2 Qf2+ 48. Kh3 Bf7 49. d6 Qf1+ 50. Kh2 Qf2+ 51. Bg2 Qxf6 52. gxf6 Nc5 53.
Ne7+ Kf8 54. Nc6 Bxb3 55. Bh3 Ba4 56. Ne5 b3 57. d7 Nb7 58. Bf5 Bb5 59. Kg3 Be2
60. Be4 Nd8 61. Nc6 Nb7 62. Nd4 Bg4 63. Bxb7 Bxd7 64. Nxb3 Kf7 65. Nc5 1-0

[Event "6th Agzamov Memorial"]
[Site "Tashkent UZB"]
[Date "2012.03.12"]
[Round "7"]
[White "Djuraev, S."]
[Black "Azarov, S."]
[Result "1/2-1/2"]
[WhiteElo "2377"]
[BlackElo "2667"]
[PlyCount "168"]
[EventDate "2012.03.06"]
[EventType "swiss"]
[EventRounds "9"]
[EventCountry "UZB"]
[Source "Mark Crowther"]
[SourceDate "2012.03.26"]
[WhiteTeam "2222 SK Polabiny B"]
[BlackTeam "2222 SK Polabiny B"]

1. e4 e5 2. Nf3 Nc6 3. d4 exd4 4. Nxd4 Bc5 5. Nxc6 Qf6 6. Qf3 bxc6 7. Nd2 d6 8.
Nb3 Bb6 9. Bd2 Qxf3 10. gxf3 Ne7 11. a4 a5 12. Be3 Bxe3 13. fxe3 O-O 14. O-O-O
Be6 15. Nd4 c5 16. Nb5 Rac8 17. Na7 Ra8 18. Nb5 Rac8 19. Na7 Rcd8 20. Nb5 Rd7
21. f4 Bg4 22. Rd2 Bf3 23. Bg2 Bxg2 24. Rxg2 f5 25. Rhg1 g6 26. exf5 Rxf5 27.
c4 Rf8 28. Re1 c6 29. Nc3 Nf5 30. e4 Nd4 31. f5 Nf3 32. Rd1 Ne5 33. b3 Rb8 34.
Kc2 Rdb7 35. Rb1 Kf7 36. Rg3 Kf6 37. fxg6 hxg6 38. Rf1+ Kg7 39. Ne2 Rh8 40. h3
Rh4 41. Re3 Rf7 42. Rxf7+ Kxf7 43. Nc1 Kf6 44. Nd3 g5 45. Ne1 Rf4 46. Kd1 Rf2
47. Re2 Rf1 48. Re3 Rh1 49. Kd2 Rh2+ 50. Kc3 Ng6 51. Rd3 Nf4 52. Rxd6+ Ke7 53.
Rd2 Rh1 54. Ng2 Rxh3+ 55. Kc2 Ne6 56. Rd3 Nd4+ 57. Kc3 Rh2 58. Rd2 g4 59. Nf4
g3 60. Rg2 Rxg2 61. Nxg2 Kd6 62. Kd3 Nxb3 63. Ke3 Ke5 64. Ne1 Nc1 65. Nf3+ Kd6
66. Nh4 Ke6 67. Ng2 Na2 68. Nf4+ Kd6 69. Nd3 Nc3 70. e5+ Ke6 71. Nxc5+ Kxe5 72.
Nb3 Ne4 73. Kf3 c5 74. Kg2 Kf4 75. Nxa5 Nc3 76. Nb3 Nxa4 77. Nc1 Nb2 78. Ne2+
Ke3 79. Nc3 Kd4 80. Ne2+ Kxc4 81. Kxg3 Kd3 82. Kf3 Na4 83. Nf4+ Kc2 84. Ke3 Nc3
1/2-1/2

[Event "6th Agzamov Memorial"]
[Site "Tashkent UZB"]
[Date "2012.03.12"]
[Round "7"]
[White "Temirov, B."]
[Black "Kotsur, P."]
[Result "1/2-1/2"]
[WhiteElo "2322"]
[BlackElo "2589"]
[PlyCount "137"]
[EventDate "2012.03.06"]
[EventType "swiss"]
[EventRounds "9"]
[EventCountry "UZB"]
[Source "Mark Crowther"]
[SourceDate "2012.03.26"]
[WhiteTeam "Barbera"]
[BlackTeam "Barbera"]

1. d4 e6 2. c4 Nf6 3. Nc3 Bb4 4. Qc2 c5 5. dxc5 Bxc5 6. Nf3 Qb6 7. e3 Qc7 8.
Bd3 b6 9. O-O Bb7 10. b3 Be7 11. Bb2 d6 12. Ne4 Nbd7 13. Nxf6+ gxf6 14. Be4 Rc8
15. Bxb7 Qxb7 16. Qe2 Rg8 17. Ne1 f5 18. Rd1 a6 19. Qh5 Nf8 20. Ba3 Qc7 21. Nf3
Rd8 22. Rd2 Nd7 23. Bb2 Bf6 24. Nd4 Rg6 25. Rfd1 Ne5 26. Ba3 Qb7 27. g3 Ng4 28.
Qxh7 Be7 29. Qh3 Nf6 30. Qg2 Ne4 31. Ne2 Qc7 32. Rd3 b5 33. cxb5 axb5 34. f3
Ng5 35. Bb4 Qc6 36. Nd4 Qb7 37. Rf1 Rc8 38. Rd2 d5 39. Bxe7 Kxe7 40. Qe2 b4 41.
Rc2 Kf8 42. Rfc1 Rxc2 43. Rxc2 e5 44. Nxf5 d4 45. Qc4 Nxf3+ 46. Kf2 Ke8 47.
Qc8+ Qxc8 48. Rxc8+ Kd7 49. Kxf3 Rf6 50. Rc2 Rxf5+ 51. Ke4 Rf1 52. exd4 Re1+
53. Kd3 e4+ 54. Kc4 Kd6 55. Rf2 Rc1+ 56. Kxb4 Kd5 57. Rxf7 e3 58. Re7 Kxd4 59.
a4 Kd3 60. a5 e2 61. Rd7+ Kc2 62. Re7 e1=Q+ 63. Rxe1 Rxe1 64. a6 Re4+ 65. Kb5
Kxb3 66. a7 Rb4+ 67. Kc6 Ra4 68. Kb7 Rb4+ 69. Kc7 1/2-1/2

[Event "6th Agzamov Memorial"]
[Site "Tashkent UZB"]
[Date "2012.03.12"]
[Round "7"]
[White "Artemenko, O."]
[Black "Khamrakulov, D."]
[Result "1/2-1/2"]
[WhiteElo "2298"]
[BlackElo "2452"]
[PlyCount "69"]
[EventDate "2012.03.06"]
[EventType "swiss"]
[EventRounds "9"]
[EventCountry "UZB"]
[Source "Mark Crowther"]
[SourceDate "2012.03.12"]

1. d4 d5 2. c4 e6 3. Nc3 Be7 4. Nf3 Nf6 5. Bg5 c6 6. e3 Nbd7 7. cxd5 Nxd5 8.
Bxe7 Nxe7 9. Be2 b6 10. O-O Bb7 11. Qa4 O-O 12. Rfd1 Ng6 13. Qa3 Qe7 14. Qxe7
Nxe7 15. Ng5 Rad8 16. Bf3 Ba6 17. Rac1 e5 18. d5 c5 19. d6 Nc8 20. Nd5 Nb8 21.
Ne7+ Kh8 22. Bd5 Nxd6 23. Bxf7 Rd7 24. Be6 Rxe7 25. Rxd6 h6 26. Ne4 Bb7 27. Bd5
Bxd5 28. Rxd5 Kg8 29. f3 Na6 30. Rd6 Rb8 31. Kf2 Rbb7 32. Rcd1 Rbc7 33. Nc3 Rb7
34. Ne4 Rbc7 35. Nc3 1/2-1/2

[Event "6th Agzamov Memorial"]
[Site "Tashkent UZB"]
[Date "2012.03.12"]
[Round "7"]
[White "Egin, V."]
[Black "Akhmetov, Ay"]
[Result "1-0"]
[WhiteElo "2412"]
[BlackElo "2211"]
[PlyCount "93"]
[EventDate "2012.03.06"]
[EventType "swiss"]
[EventRounds "9"]
[EventCountry "UZB"]
[Source "Mark Crowther"]
[SourceDate "2012.03.12"]

1. e4 e6 2. d4 d5 3. Nd2 Nf6 4. Bd3 c5 5. e5 Nfd7 6. c3 Nc6 7. Ne2 cxd4 8. cxd4
f6 9. exf6 Nxf6 10. O-O Bd6 11. Nf3 Qc7 12. Bd2 O-O 13. Rc1 a6 14. Ng3 g6 15.
Bc3 Ng4 16. Rc2 Bd7 17. Re1 Qb6 18. Rce2 Rae8 19. Bc2 Rf6 20. h3 Nxf2 21. Kxf2
Ref8 22. Nf1 e5 23. Bb3 exd4 24. Bd2 d3+ 25. Re3 Qd4 26. Kg1 Rxf3 27. gxf3 Rf5
28. Kh1 Qh4 29. f4 Kf8 30. Qg4 Qf6 31. Ng3 h5 32. Qf3 Rxf4 33. Qxd5 Ne7 34.
Rxe7 Bc6 35. Qxc6 bxc6 36. Rf7+ Qxf7 37. Bxf7 Rxf7 38. Kg2 Kg7 39. Re6 Bc5 40.
Ne4 Bd4 41. Rxc6 Re7 42. Nc3 Rf7 43. Nd1 Re7 44. Bc3 Re2+ 45. Kf3 Bxc3 46. Nxc3
Rxb2 47. Rxa6 1-0

[Event "6th Agzamov Memorial"]
[Site "Tashkent UZB"]
[Date "2012.03.12"]
[Round "7"]
[White "Filippov, An UZB"]
[Black "Guseinov, G."]
[Result "1/2-1/2"]
[WhiteElo "2637"]
[BlackElo "2616"]
[PlyCount "139"]
[EventDate "2012.03.06"]
[EventType "swiss"]
[EventRounds "9"]
[EventCountry "UZB"]
[Source "Mark Crowther"]
[SourceDate "2012.03.12"]

1. e4 c5 2. Nf3 Nc6 3. d4 cxd4 4. Nxd4 g6 5. c4 Nf6 6. Nc3 Nxd4 7. Qxd4 d6 8.
Be2 Bg7 9. Bg5 O-O 10. Qd2 Be6 11. Rc1 Qa5 12. f3 Rfc8 13. b3 a6 14. Nd5 Qxd2+
15. Kxd2 Nxd5 16. cxd5 Bd7 17. g4 Kf8 18. Bd3 b5 19. Ke2 e6 20. dxe6 Bxe6 21.
Rhd1 Rxc1 22. Bxc1 Ke7 23. Bb1 Bc3 24. Bg5+ f6 25. Bd2 Bxd2 26. Kxd2 g5 27. Rc1
Kd7 28. Bd3 h5 29. h3 hxg4 30. hxg4 Rh8 31. a4 Rh2+ 32. Ke3 Rb2 33. axb5 axb5
34. Bxb5+ Ke7 35. Bc4 Bxc4 36. bxc4 Rb3+ 37. Ke2 Kd7 38. c5 dxc5 39. Rxc5 Ke6
40. Rf5 Rb2+ 41. Kd3 Rb3+ 42. Kd4 Rb4+ 43. Kc3 Ra4 44. Kb3 Rd4 45. Kc2 Ra4 46.
Rc5 Ra3 47. Rc3 Ra2+ 48. Kd3 Ra4 49. Ke2 Ke5 50. Rb3 Ke6 51. Rb6+ Ke5 52. Kf2
Ra2+ 53. Kg3 Ra3 54. Rb5+ Ke6 55. Rf5 Rb3 56. Kf2 Rb2+ 57. Ke3 Rb3+ 58. Kd4
Rb4+ 59. Kc3 Ra4 60. e5 fxe5 61. Kd3 Ra3+ 62. Ke4 Ra4+ 63. Ke3 Ra3+ 64. Kf2
Ra2+ 65. Kg3 Ra3 66. Rxg5 e4 67. Rf5 Rxf3+ 68. Rxf3 exf3 69. Kxf3 Kf6 70. Kf4
1/2-1/2

[Event "6th Agzamov Memorial"]
[Site "Tashkent UZB"]
[Date "2012.03.12"]
[Round "7"]
[White "Golod, V."]
[Black "Muminova, N."]
[Result "1-0"]
[WhiteElo "2561"]
[BlackElo "2327"]
[PlyCount "63"]
[EventDate "2012.03.06"]
[EventType "swiss"]
[EventRounds "9"]
[EventCountry "UZB"]
[Source "Mark Crowther"]
[SourceDate "2012.03.12"]

1. d4 e6 2. c4 d5 3. Nc3 Be7 4. cxd5 exd5 5. Bf4 Nf6 6. e3 O-O 7. Bd3 c5 8. Nf3
c4 9. Bc2 a6 10. Ne5 b5 11. a3 Bb7 12. Qf3 Nbd7 13. Rd1 Re8 14. g4 Bxa3 15.
Nxd7 Bxb2 16. Nxf6+ Qxf6 17. Ne2 g5 18. Qh3 gxf4 19. g5 Qh8 20. Nxf4 Bxd4 21.
Rxd4 Qxd4 22. Qxh7+ Kf8 23. g6 Qg7 24. gxf7 Kxf7 25. Qf5+ Ke7 26. Qe6+ Kd8 27.
Qb6+ Kc8 28. Bf5+ Kb8 29. Ne6 Qd7 30. Nc5 Qc6 31. Nd7+ Kc8 32. Ne5+ 1-0

[Event "6th Agzamov Memorial"]
[Site "Tashkent UZB"]
[Date "2012.03.12"]
[Round "7"]
[White "Golubev, R."]
[Black "Megaranto, S."]
[Result "0-1"]
[WhiteElo "2185"]
[BlackElo "2528"]
[PlyCount "78"]
[EventDate "2012.03.06"]
[EventType "swiss"]
[EventRounds "9"]
[EventCountry "UZB"]
[Source "Mark Crowther"]
[SourceDate "2012.03.12"]

1. e4 b6 2. d4 Bb7 3. Nc3 e6 4. a3 Ne7 5. Nf3 d5 6. Bd3 dxe4 7. Nxe4 Nbc6 8.
O-O Qd7 9. c3 Ng6 10. Re1 Be7 11. Nfg5 Bxg5 12. Bxg5 Nce7 13. Qe2 Nd5 14. g3 h6
15. Bc1 O-O-O 16. Ba6 f5 17. Nd2 e5 18. Bxb7+ Kxb7 19. dxe5 Nxe5 20. Nc4 Nxc4
21. Qxc4 Rhe8 22. Bd2 Nf6 23. Be3 Ng4 24. Qf4 Re4 25. Qf3 Qc6 26. h3 Ne5 27.
Qg2 Rd3 28. Red1 g5 29. Rxd3 Nxd3 30. Rb1 g4 31. h4 Ne5 32. Kh1 Nf3 33. Rd1 a5
34. Rf1 a4 35. Rd1 h5 36. Rf1 Qb5 37. Rb1 Qd3 38. Qf1 Rxe3 39. fxe3 Qc2 0-1

[Event "6th Agzamov Memorial"]
[Site "Tashkent UZB"]
[Date "2012.03.12"]
[Round "7"]
[White "Grachev, B."]
[Black "Mchedlishvili, M."]
[Result "1/2-1/2"]
[WhiteElo "2705"]
[BlackElo "2626"]
[PlyCount "70"]
[EventDate "2012.03.06"]
[EventType "swiss"]
[EventRounds "9"]
[EventCountry "UZB"]
[Source "Mark Crowther"]
[SourceDate "2012.03.12"]

1. c4 e5 2. Nc3 Nf6 3. Nf3 Nc6 4. g3 Bb4 5. Nd5 Bc5 6. Bg2 d6 7. O-O O-O 8. d3
Nxd5 9. cxd5 Nd4 10. Nxd4 Bxd4 11. e3 Bb6 12. Kh1 Bd7 13. Bd2 Qe8 14. a4 a5 15.
f4 f5 16. Re1 Qf7 17. Bc3 Rfe8 18. fxe5 dxe5 19. e4 fxe4 20. dxe4 Bc5 21. Rf1
Qg6 22. Qe2 b6 23. Bf3 Qg5 24. Bd2 Qe7 25. Bg4 c6 26. Bxd7 Qxd7 27. dxc6 Qxc6
28. Qc4+ Qe6 29. Rac1 Bd4 30. Qxe6+ Rxe6 31. b3 Ree8 32. Kg2 Rf8 33. Be1 Rfc8
34. Bf2 Bxf2 35. Kxf2 Kf7 1/2-1/2

[Event "6th Agzamov Memorial"]
[Site "Tashkent UZB"]
[Date "2012.03.12"]
[Round "7"]
[White "Ismagambetov, An"]
[Black "Vladimirov, V UZB."]
[Result "1-0"]
[WhiteElo "2471"]
[BlackElo "2170"]
[PlyCount "97"]
[EventDate "2012.03.06"]
[EventType "swiss"]
[EventRounds "9"]
[EventCountry "UZB"]
[Source "Mark Crowther"]
[SourceDate "2012.03.12"]

1. d4 Nf6 2. c4 c5 3. d5 b5 4. cxb5 a6 5. bxa6 g6 6. Nc3 Bxa6 7. g3 Bg7 8. Bg2
d6 9. Nf3 Nbd7 10. Rb1 Qc7 11. O-O O-O 12. b3 Rfb8 13. Qc2 Ng4 14. Bd2 Qa7 15.
a4 Nge5 16. Rfc1 Nxf3+ 17. Bxf3 Ne5 18. Bg2 Ng4 19. Be1 h5 20. h3 Ne5 21. Kh2
Bc8 22. f4 Nd7 23. Nb5 Qb6 24. e4 Ba6 25. Bf1 Qd8 26. Bc3 Nf6 27. Re1 Bh6 28.
Qf2 Bb7 29. Rbd1 Bc8 30. Qf3 Ne8 31. e5 Bg7 32. Bc4 Bb7 33. f5 dxe5 34. fxg6
fxg6 35. Bxe5 Nd6 36. Bxg7 Kxg7 37. Qc3+ Kh7 38. Bd3 Nxb5 39. Bxb5 h4 40. Qxc5
hxg3+ 41. Kg2 Kg8 42. Re6 Rc8 43. Qd4 Rc2+ 44. Kg1 Kf7 45. Qf4+ Kg7 46. Qe5+
Kh6 47. Qe3+ Kg7 48. Rxe7+ Kf8 49. Rxb7 1-0

[Event "6th Agzamov Memorial"]
[Site "Tashkent UZB"]
[Date "2012.03.12"]
[Round "7"]
[White "Khoroshev, N."]
[Black "Potapov, P."]
[Result "1/2-1/2"]
[WhiteElo "2318"]
[BlackElo "2473"]
[PlyCount "68"]
[EventDate "2012.03.06"]
[EventType "swiss"]
[EventRounds "9"]
[EventCountry "UZB"]
[Source "Mark Crowther"]
[SourceDate "2012.03.12"]

1. d4 d5 2. c4 e5 3. dxe5 d4 4. Nf3 Nc6 5. a3 Nge7 6. b4 Ng6 7. Bb2 a5 8. b5
Ncxe5 9. Qxd4 Qxd4 10. Bxd4 Nxc4 11. e3 Nd6 12. Be2 Bd7 13. a4 f6 14. O-O Be7
15. Nbd2 O-O 16. Nb3 Be6 17. Nfd2 Rfc8 18. Rfc1 Bf8 19. Bc3 Ne4 20. Nxe4 Bxb3
21. Nd2 Bd5 22. Nc4 b6 23. Rd1 Be6 24. Rac1 Rd8 25. Bd4 Bb4 26. Kf1 Rd7 27. Nd2
Rad8 28. Bc4 Nf8 29. Nb3 Kf7 30. Ke2 Ba3 31. Rc2 Bxc4+ 32. Rxc4 Ne6 33. Rd2 Bb4
34. Bc3 Rxd2+ 1/2-1/2

[Event "6th Agzamov Memorial"]
[Site "Tashkent UZB"]
[Date "2012.03.12"]
[Round "7"]
[White "Kvon, A."]
[Black "Ulkhanov, A."]
[Result "1-0"]
[WhiteElo "2493"]
[BlackElo "2226"]
[PlyCount "57"]
[EventDate "2012.03.06"]
[EventType "swiss"]
[EventRounds "9"]
[EventCountry "UZB"]
[Source "Mark Crowther"]
[SourceDate "2012.03.12"]

1. c4 e5 2. Nc3 Nf6 3. g3 d6 4. Bg2 g6 5. e4 Bg7 6. d3 O-O 7. Nge2 Nc6 8. O-O
Nh5 9. Nd5 f5 10. exf5 Bxf5 11. h3 Nf6 12. Bg5 Qd7 13. g4 Be6 14. Qb3 Rab8 15.
f4 b5 16. Bxf6 Bxf6 17. cxb5 Na5 18. Qa4 Rxb5 19. Nxf6+ Rxf6 20. Nc3 Rxb2 21.
Qxa5 exf4 22. Ne4 Rf8 23. Qc3 Qb5 24. Nf6+ Rxf6 25. Qxf6 Rxg2+ 26. Kxg2 Bd5+
27. Kh2 f3 28. Rxf3 Bxf3 29. Rf1 1-0

[Event "6th Agzamov Memorial"]
[Site "Tashkent UZB"]
[Date "2012.03.12"]
[Round "7"]
[White "Nakhbayeva, G."]
[Black "Atabayev, Y."]
[Result "1-0"]
[WhiteElo "2276"]
[BlackElo "2404"]
[PlyCount "75"]
[EventDate "2012.03.06"]
[EventType "swiss"]
[EventRounds "9"]
[EventCountry "UZB"]
[Source "Mark Crowther"]
[SourceDate "2012.03.12"]

1. d4 Nf6 2. c4 c5 3. d5 e6 4. Nc3 exd5 5. cxd5 d6 6. Nf3 g6 7. Bf4 a6 8. a4
Nh5 9. Bg5 f6 10. Bh4 Be7 11. e3 O-O 12. Be2 Nd7 13. Nd2 Ng7 14. f4 f5 15. Bf2
Nf6 16. O-O Rb8 17. a5 b5 18. axb6 Rxb6 19. Nc4 Rb4 20. Qc2 Qc7 21. h3 Bb7 22.
Rfd1 Rb8 23. Ra2 Nge8 24. Na5 Ba8 25. Bf3 Qb6 26. Rd2 Nc7 27. Nc6 Bxc6 28. dxc6
d5 29. Nxd5 Nfxd5 30. Rxd5 Nxd5 31. Bxd5+ Kg7 32. Be1 Rb5 33. Bc3+ Kf8 34. Ba5
Rxa5 35. Qc3 Ke8 36. Qh8+ Bf8 37. Qxh7 Be7 38. Qg8+ 1-0

[Event "6th Agzamov Memorial"]
[Site "Tashkent UZB"]
[Date "2012.03.12"]
[Round "7"]
[White "Saidov, B."]
[Black "Ismailov, M."]
[Result "1/2-1/2"]
[WhiteElo "2389"]
[BlackElo "2133"]
[PlyCount "86"]
[EventDate "2012.03.06"]
[EventType "swiss"]
[EventRounds "9"]
[EventCountry "UZB"]
[Source "Mark Crowther"]
[SourceDate "2012.03.12"]

1. d4 Nf6 2. Nf3 c5 3. c3 e6 4. e3 b6 5. Bd3 Bb7 6. O-O Be7 7. Nbd2 cxd4 8.
cxd4 d5 9. b3 O-O 10. Bb2 Nc6 11. a3 a5 12. Qe2 Rc8 13. Rac1 Bd6 14. Ne5 Qe7
15. Ba6 Nb8 16. Bxb7 Qxb7 17. f4 Rxc1 18. Rxc1 Rc8 19. Nd3 Rxc1+ 20. Nxc1 b5
21. Qd3 Qc6 22. Ne2 b4 23. a4 Qa6 24. Qxa6 Nxa6 25. Kf2 Ng4+ 26. Kf3 f5 27. h3
Nf6 28. Nc1 Ne4 29. Ke2 Nxd2 30. Kxd2 Nb8 31. Nd3 Nd7 32. Nf2 Nf6 33. Kd3 Kf7
34. Bc1 h6 35. Bd2 Kg6 36. Be1 Ne4 37. Nxe4 fxe4+ 38. Ke2 Bc7 39. g4 h5 40. Bg3
Bd8 41. Kf2 h4 42. Bh2 Bb6 43. Kg2 Bd8 1/2-1/2

[Event "6th Agzamov Memorial"]
[Site "Tashkent UZB"]
[Date "2012.03.12"]
[Round "7"]
[White "Solodovnichenko, Y."]
[Black "Atabayev, M."]
[Result "1-0"]
[WhiteElo "2615"]
[BlackElo "2367"]
[PlyCount "91"]
[EventDate "2012.03.06"]
[EventType "swiss"]
[EventRounds "9"]
[EventCountry "UZB"]
[Source "Mark Crowther"]
[SourceDate "2012.03.12"]

1. e4 c5 2. Nc3 d6 3. Nge2 Nf6 4. d4 cxd4 5. Nxd4 a6 6. Bg5 e6 7. f4 h6 8. Bh4
Qb6 9. a3 Nc6 10. Bf2 Qc7 11. Bd3 Be7 12. Qe2 Nxd4 13. Bxd4 e5 14. Be3 b5 15.
O-O O-O 16. Kh1 Be6 17. f5 Bd7 18. Nd5 Nxd5 19. exd5 Bf6 20. Qg4 g5 21. h4 Qd8
22. Rf3 Kg7 23. Rg3 Rg8 24. Kg1 Kf8 25. Kf2 h5 26. Qxh5 Rh8 27. Qf3 Rxh4 28.
Rg4 Ke7 29. Rxg5 Qh8 30. c3 Qh7 31. Ke2 Rh1 32. Rxh1 Qxh1 33. Rh5 Qa1 34. b4
Qb2+ 35. Kf1 Qxc3 36. Be2 Rg8 37. Kf2 Qc2 38. g4 e4 39. Qh3 Qa2 40. g5 Be5 41.
g6 Qxd5 42. Bg5+ Ke8 43. Rh7 Bxf5 44. gxf7+ Qxf7 45. Bh5 Qxh5 46. Qxh5+ 1-0